Новое направление в ландшафтной архитектуре (дизайн, планирование и управление) (Запись № 12193410)
[ простой вид ]
| 000 -МАРКЕР | |
|---|---|
| контрольное поле | 02557nam0a2200385 4500 |
| 001 - ИДЕНТИФИКАТОР ЗАПИСИ | |
| контрольное поле | RU\NLR\BIBL_A\011540689 |
| 005 - ИДЕНТИФИКАТОР ВЕРСИИ | |
| контрольное поле | 20250630155416.0 |
| 010 ## - МЕЖДУНАРОДНЫЙ СТАНДАРТНЫЙ НОМЕР КНИГИ (ISBN) | |
| Номер (ISBN) | 978-5-7422-5780-6 |
| Тираж | 100 |
| 021 ## - НОМЕР ГОСУДАРСТВЕННОЙ РЕГИСТРАЦИИ | |
| Код страны | Российская Федерация |
| Номер | 2017-83631 |
| Номер Листа государственной регистраци | 5968 |
| 035 ## - ДРУГИЕ СИСТЕМНЫЕ НОМЕРА | |
| Идентификатор записи | (NLR Aleph) 011540689 |
| 035 ## - ДРУГИЕ СИСТЕМНЫЕ НОМЕРА | |
| Идентификатор записи | (RuMoRGB)009445013 |
| 100 ## - ДАННЫЕ ОБЩЕЙ ОБРАБОТКИ | |
| Данные общей обработки | 20171128d2017 |||y0rusy50 ca |
| 101 0# - ЯЗЫК РЕСУРСА | |
| Язык текста, звукозаписи и т.д. | русский |
| -- | английский |
| 102 ## - СТРАНА ПУБЛИКАЦИИ ИЛИ ПРОИЗВОДСТВА | |
| Страна публикации | Российская Федерация |
| 105 ## - ПОЛЕ КОДИРОВАННЫХ ДАННЫХ: ТЕКСТОВЫЕ МАТЕРИАЛЫ, МОНОГРАФИЧЕСКИЕ | |
| Кодированные данные о монографическом текстовом документе | y z 100zy |
| 200 1# - ЗАГЛАВИЕ И СВЕДЕНИЯ ОБ ОТВЕТСТВЕННОСТИ | |
| Основное заглавие | Новое направление в ландшафтной архитектуре (дизайн, планирование и управление) |
| Сведения, относящиеся к заглавию | Three pillars of landscape architecture: design, planning and management. New visions |
| -- | сборник трудов международной конференции ["Ландшафтный дизайн города"], Санкт-Петербург, 7-8 июня 2017 года |
| Первые сведения об ответственности | Saint-Petersburg state forest technical university, City of Saint-Petersburg, Swedish university of agricultural sciences, Uppsala, Sweden |
| Последующие сведения об ответственности | [редакторы: Мария Игнатьева, Ирина Мельничук] |
| Язык параллельного заглавия | английский |
| 210 ## - ПУБЛИКАЦИЯ, РАСПРОСТРАНЕНИЕ И ДР. | |
| Место издания, распространения и т.д. | Saint-Petersburg |
| Имя издателя, распространителя и т. д. | Politechnic university publishing house |
| Дата издания, распространения и т.д. | 2017 |
| 215 ## - ФИЗИЧЕСКАЯ ХАРАКТЕРИСТИКА | |
| Специфическое обозначение материала и объем | 191 с. |
| Размеры | 29 |
| 300 ## - ОБЩИЕ ПРИМЕЧАНИЯ | |
| Текст примечания | Текст рус., англ. |
| 510 1# - ПАРАЛЛЕЛЬНОЕ ЗАГЛАВИЕ | |
| Параллельное заглавие | Three pillars of landscape architecture: design, planning and management. New visions |
| Язык заглавия | английский |
| 606 1# - НАИМЕНОВАНИЕ ТЕМЫ КАК ПРЕДМЕТ | |
| Наименование темы | Садово-парковая архитектура |
| Формальный подзаголовок | Съезды, совещания и т.п |
| Системный номер авторитетной/нормативной записи | 1023214 |
| Идентификатор авторитетной/нормативной записи | RU\NLR\AUTH\6673621 |
| 606 1# - НАИМЕНОВАНИЕ ТЕМЫ КАК ПРЕДМЕТ | |
| Наименование темы | Города |
| Формальный подзаголовок | Съезды, совещания и т.п |
| Тематический подзаголовок | Озеленение |
| Системный номер авторитетной/нормативной записи | 934672 |
| Идентификатор авторитетной/нормативной записи | RU\NLR\AUTH\6626197 |
| 686 1# - ИНДЕКСЫ ДРУГИХ КЛАССИФИКАЦИЙ | |
| Индекс | Щ118.72я431 |
| 686 1# - ИНДЕКСЫ ДРУГИХ КЛАССИФИКАЦИЙ | |
| Индекс | П271.1я431(0) |
| 702 #1 - ИМЯ ЛИЦА - ВТОРИЧНАЯ ОТВЕТСТВЕННОСТЬ | |
| Код отношения | Редактор |
| Графика поля | Кириллица |
| Материалы, к которым относится поле | rus |
| Начальный элемент ввода | Игнатьева |
| Часть имени, кроме начального элемента ввода | М. Е. |
| Дополнения к именам, кроме дат | канд. биол. наук, ландшафт. архитектор |
| Расширение инициалов личного имени | Мария Евгеньевна |
| Системный номер авторитетной/нормативной записи | 153802 |
| Идентификатор авторитетной/нормативной записи | RU\NLR\AUTH\770153840 |
| 702 #1 - ИМЯ ЛИЦА - ВТОРИЧНАЯ ОТВЕТСТВЕННОСТЬ | |
| Начальный элемент ввода | Мельничук |
| Часть имени, кроме начального элемента ввода | И. А. |
| Расширение инициалов личного имени | Ирина Альбертовна |
| Код отношения | Редактор |
| 711 12 - НАИМЕНОВАНИЕ ОРГАНИЗАЦИИ - АЛЬТЕРНАТИВНАЯ ОТВЕТСТВЕННОСТЬ | |
| Начальный элемент ввода | "Ландшафтный дизайн города", международная конференция |
| Место проведения временной организации | Санкт-Петербург |
| Дата проведения временной организации | 2017 |
| Системный номер авторитетной/нормативной записи | 580194 |
| Идентификатор авторитетной/нормативной записи | RU\NLR\AUTH\880458604 |
| 712 01 - НАИМЕНОВАНИЕ ОРГАНИЗАЦИИ - ВТОРИЧНАЯ ОТВЕТСТВЕННОСТЬ | |
| Код отношения | Организатор конференции |
| Начальный элемент ввода | Санкт-Петербург |
| Структурное подразделение | Комитет по градостроительству и архитектуре |
| Системный номер авторитетной/нормативной записи | 580187 |
| Идентификатор авторитетной/нормативной записи | RU\NLR\AUTH\880458601 |
| 942 ## - ДОПОЛНИТЕЛЬНЫЕ ЭЛЕМЕНТЫ ЗАПИСИ (АБИС) | |
| Тип экземпляра АБИС | Книга |
| 980 ## - КОЛЛЕКЦИЯ | |
| Название коллекции | НБР |
| 980 ## - КОЛЛЕКЦИЯ | |
| Название коллекции | Национальная библиография |
Нет доступных экземпляров.